00370nam a22001337a 450000500170000000800410001704100130005808200160007110000300008724500600011726000090017730000250018665000250021120231107142200.0231107b |||||||| |||| 00| 0 eng d aEnglish  a346.43 BAS  aKruger, A et al.lEnglish aBasic Intellectual Property Rights / cA Kruger et al.  c1993 b23 pages ; c30 cm.  aLegal practice bLaw